00636nam a2200193Ia 4500020001800000082001600018100002000034245006800054260003700122300001100159440004400170504005000214650004100264650002500305650003700330650003300367650002200400700002000422 a0-471-22031-0 a519.5 COH-E aCohen, Barry H. 0aEssentials of statistics for the social and behavioral sciences aHobokenbJohn Wiley & Sonsc2004 ax, 289 aEssentials of behavioral science series aincludes bibliographical references and index aSocial sciencesvStatistical methods aAnalysis of variance aMultiple imputation (Statistics) aANOVA (Analysis of variance) aVariance analysis aLea, R. Brooke